Kadra Turcji Na Euro 2020 - Statystyki

Ogólne statystyki
  • Ten quiz został rozwiązany 24 razy
  • Średni wynik to 11 z 26
Statystyki odpowiedzi
Hint Odpowiedź % Poprawnych
Pomocnik Calhanoglu
86%
Obrońca Yilmaz
86%
Napastnik Yilmaz
86%
Obrońca Demiral
81%
Obrońca Soyuncu
81%
Pomocnik Kahveci
67%
Napastnik Under
57%
Bramkarz Cakir
52%
Obrońca Celik
52%
Obrońca Kabak
48%
Pomocnik Tufan
48%
Napastnik Yazici
48%
Bramkarz Gunok
38%
Obrońca Ayhan
33%
Bramkarz Bayindir
29%
Obrońca Muldur
29%
Napastnik Karaman
24%
Pomocnik Kokcu
24%
Obrońca Meras
24%
Napastnik Unal
24%
Pomocnik Yokuslu
19%
Napastnik Akturkoglu
14%
Pomocnik Dervisoglu
14%
Pomocnik Antalyali
10%
Pomocnik Omur
5%
Pomocnik Tokoz
5%
Nie znaleziono quizów pasujących do podanych kryteriów
Rozkład punktacji
Procent ludzi z każdym wynikiem
Percentyl według liczby udzielonych odpowiedzi
Twoja historia wyników
Nie rozwiązałeś tego quizu